Los Cuadros: entre el tugurio y la esperanza /
সংরক্ষণ করুন:
| প্রধান লেখক: | |
|---|---|
| অন্যান্য লেখক: | |
| বিন্যাস: | পাঠ্য |
| বিষয়গুলি: | |
| ট্যাগগুলো: |
ট্যাগ যুক্ত করুন
কোনো ট্যাগ নেই, প্রথমজন হিসাবে ট্যাগ করুন!
|
MARC
| LEADER | 00000 a a2200000 04500 | ||
|---|---|---|---|
| 001 | 1567 | ||
| 003 | |||
| 040 | |||
| 100 | |a Morales Gamboa, Abelardo | ||
| 245 | |a Los Cuadros: |b entre el tugurio y la esperanza / |c Abelardo Morales Gamboa ; José Manuel Valverde Rojas | ||
| 650 | |a VIVIENDA | ||
| 650 | |a ADQUISICION DE TIERRAS | ||
| 650 | |a ABSOLUTA POBREZA | ||
| 650 | |a SALUD | ||
| 650 | |a SERVICIOS DE SALUD | ||
| 650 | |a COSTA RICA | ||
| 700 | |a Valverde Rojas, José Manuel | ||
| 773 | |g número 16; páginas 22-25 | ||
| 999 | |c 36790 |d 36790 | ||
